Finiasz-Sendrier algorithm for decoding a random linear code

Na minha lista:
Detalhes bibliográficos
Autor principal: Debnár, Patrik (Author)
Outros Autores: Fabšič, Tomáš (Thesis advisor)
Formato: Manuscrito Livro
Idioma:eslovaco
inglês
Publicado em: Bratislava : STU v Bratislave FEI, 2021
Assuntos:
Acesso em linha:https://opac.crzp.sk/?fn=detailBiblioForm&sid=7E417B54B864B7C45E22FC4635AB&seo=CRZP-detail-kniha
Tags: Adicionar Tag
Sem tags, seja o primeiro a adicionar uma tag!

MARC

LEADER 00000ntm a22000003a 4500
001 stuzp83290
003 SK-STU
005 20211207142741.1
007 ta
008 150427s2015----xo-----f-mn---000-0-slo-d
040 |a STU  |b slo 
041 0 |a eng 
044 |a xo 
100 1 |a Debnár, Patrik  |u 035000  |4 aut  |U FEI Fakulta elektrotechniky a informatiky  |T FEI Ústav informatiky a matematiky  |X 86285  |U E050  |Y 816  |7 86285 
242 0 1 |a Finiasz-Sendrier algoritmus na dekódovanie náhodných lineárnych kódov  |y slo 
245 1 0 |a Finiasz-Sendrier algorithm for decoding a random linear code 
260 |a Bratislava :  |b STU v Bratislave FEI,  |c 2021 
300 |a 47 s., príl. 
650 4 |a finiasz  |2 slo 
650 4 |a sendrier  |2 slo 
650 4 |a dekódovanie  |2 slo 
650 4 |a lineárny kód  |2 slo 
650 4 |a decoding  |2 eng 
650 4 |a finiasz  |2 eng 
650 4 |a linear code  |2 eng 
650 4 |a sendrier  |2 eng 
700 1 |a Fabšič, Tomáš  |u 035000  |k Z1  |4 ths  |U FEI Fakulta elektrotechniky a informatiky  |T FEI Ústav informatiky a matematiky  |X 63826  |U E050  |Y 816  |7 63826 
856 4 |u https://opac.crzp.sk/?fn=detailBiblioForm&sid=7E417B54B864B7C45E22FC4635AB&seo=CRZP-detail-kniha